000 00357nam a2200133Ia 4500
008 240624s9999 xx 000 0 und d
041 _aeng
082 _a658.8342 WEL
100 _aWELLS VICTORIA
245 _aHANDBOOK OF DEVELOPMENTS IN CONSUMER BEH
260 _c2012
_aUnited Kingdom
_bEdward Elgar
300 _axvi, 602 p.; 23 cm.
365 _cERU
_b33
999 _c32260
_d32260